00000000nam 2200000za 4500
0019.850055
003CaOODSP
00520250825140506
007cr |||||||||||
008180115s2018    onc     o    f000 0 eng d
020 |a9780660245416|z9780660245423
040 |aCaOODSP|beng
043 |an-cn---
0861 |aNR16-197/2018E-PDF
1102 |aNational Research Council Canada.
24510|aCHO expression platform (L-11266 / 11992 / 12273 / 12671) |h[electronic resource].
260 |a[Ottawa] : |bNational Research Council Canada, |c2018.
300 |a[1] p.
500 |aIssued also in French under title: Plateforme d’expression CHO (L-11266 / 11992 / 12273 / 12671).
500 |aCaption title.
500 |a"January 2018."
530 |aIssued also in print format.
693 4|aRecombinant proteins
693 4|aImmunotechnology
77508|tPlateforme d’expression CHO (L-11266 / 11992 / 12273 / 12671) |w(CaOODSP)9.850057
7760#|tCHO expression platform (L-11266 / 11992 / 12273 / 12671) |w(CaOODSP)9.850056
794 |tCHO expression platform : |w(CaOODSP)9.954444
85640|qPDF|s91 KB|uhttps://publications.gc.ca/collections/collection_2018/cnrc-nrc/NR16-197-2018-eng.pdf